| 000 | 01074nam a22003257a 4500 | ||
|---|---|---|---|
| 001 | BR8300932 | ||
| 003 | BR-BrBNA | ||
| 005 | 20230928091610.0 | ||
| 007 | ta | ||
| 008 | 230509b bl.||||| |||| 00| 0 por d | ||
| 040 |
_aBR-BrBNA _bpor _cBiblioteca Nacional de Agricultura |
||
| 041 | _a(Por) | ||
| 072 | _aP05 | ||
| 090 | _ P05 BR8300932 | ||
| 110 | 1 | _aGoverno do Estado de Minas Gerais, Belo Horizonte (Brasil) | |
| 245 | 1 | _aOpcoes energeticas. Programa de contribuicoes ao estudo de problemas mineiros. Memoria da Terceira Sessao de Trabalhos 1979-1982 | |
| 246 | 1 | _a[Energetic options. Programme of contribution to the study of problems in the state of Minas Gerais. Memory of the Third Work Session 1979-1982] | |
| 260 | 3 |
_aBelo Horizonte, MG (Brasil): _c1983. |
|
| 300 | _a328 p. | ||
| 650 | _aRECURSO ENERGETICO | ||
| 650 | _aCOMBUSTIVEL | ||
| 650 | _aMADEIRA | ||
| 650 | _aCARVAO VEGETAL | ||
| 650 | _aALCOOL | ||
| 650 | _aBIODIGESTOR | ||
| 650 | _aMETANOL | ||
| 650 | _aENERGIA SOLAR | ||
| 909 |
_a202309 _bLucia _c55 _dLucia Elande |
||
| 942 | _cBK | ||
| 999 |
_c34588 _d34588 |
||